Online katalóg knižníc regiónu Turca

Kniha rekordov (Record no. 21760)

MARC details
000 -LEADER
fixed length control field 02307cam a2200649 a 4500
001 - CONTROL NUMBER
control field 21760
003 - CONTROL NUMBER IDENTIFIER
control field VRT
005 - DATE AND TIME OF LATEST TRANSACTION
control field 20260309140847.0
008 - FIXED-LENGTH DATA ELEMENTS--GENERAL INFORMATION
fixed length control field 240314s2013 xo oa b 000 0 slo
015 ## - NATIONAL BIBLIOGRAPHY NUMBER
National bibliography number SNBA2013
020 ## - INTERNATIONAL STANDARD BOOK NUMBER
International Standard Book Number 9788055131634
Qualifying information (viaz.)
035 ## - SYSTEM CONTROL NUMBER
System control number urn:nbn:sk:snk-am00a4bv
035 ## - SYSTEM CONTROL NUMBER
System control number urn:nbn:sk:snk-am3h7zi
035 ## - SYSTEM CONTROL NUMBER
System control number BC1F0F65-37AA-4864-BC69-5E3FAA9BC89D
039 #9 - LEVEL OF BIBLIOGRAPHIC CONTROL AND CODING DETAIL [OBSOLETE]
Level of rules in bibliographic description 202403141558
Level of effort used to assign nonsubject heading access points VLOAD
Level of effort used to assign subject headings 201811301412
Level of effort used to assign classification VLOAD
Level of effort used to assign subject headings 201604301006
Level of effort used to assign classification VLOAD
Level of effort used to assign subject headings 201604281535
Level of effort used to assign classification VLOAD
040 ## - CATALOGING SOURCE
Original cataloging agency SVKBB
Language of cataloging slo
Transcribing agency SVKBB
Modifying agency SNK
Description conventions AACR2
041 1# - LANGUAGE CODE
Language code of text/sound track or separate title slo
Language code of original fre
044 ## - COUNTRY OF PUBLISHING/PRODUCING ENTITY CODE
MARC country code xo
ISO country code SK
072 #7 - SUBJECT CATEGORY CODE
Subject category code 08
Subject category code subdivision Súborné diela
Source konspekt
072 #7 - SUBJECT CATEGORY CODE
Subject category code 0/9-053.2
Subject category code subdivision Literatúra pre deti a mládež (náučná)
Source konspekt
080 ## - UNIVERSAL DECIMAL CLASSIFICATION NUMBER
Universal Decimal Classification number 088
Edition identifier 2001
080 ## - UNIVERSAL DECIMAL CLASSIFICATION NUMBER
Universal Decimal Classification number (0.062)
Edition identifier 2001
080 ## - UNIVERSAL DECIMAL CLASSIFICATION NUMBER
Universal Decimal Classification number (0.053.2)
Edition identifier 2001
100 1# - MAIN ENTRY--PERSONAL NAME
Personal name Grinberg, Delphine
Relationship aut
240 10 - UNIFORM TITLE
Uniform title Le Dokéo des records
Language of a work Slovensky
245 10 - TITLE STATEMENT
Title Kniha rekordov
Remainder of title [zábavné rekordy : strelené informácie]
Statement of responsibility, etc. [Delphine Grinberg ; z francúzskeho originálu preložila Alica Wursterová ; ilustrácie: Rémi Saillard ... [et al.]]
246 14 - VARYING FORM OF TITLE
Title proper/short title Detská kniha rekordov
250 ## - EDITION STATEMENT
Edition statement [1. vyd.]
260 ## - PUBLICATION, DISTRIBUTION, ETC.
Place of publication, distribution, etc. Bratislava
Name of publisher, distributor, etc. Ikar
Date of publication, distribution, etc. 2013
300 ## - PHYSICAL DESCRIPTION
Extent 95 s.
Other physical details fotogr., ilustr.
Dimensions 24 cm
521 1# - TARGET AUDIENCE NOTE
Target audience note Pre deti od 5 rokov
650 07 - SUBJECT ADDED ENTRY--TOPICAL TERM
Topical term or geographic name entry element kuriozity, rekordy a zaujímavosti
Source of heading or term SNKPH
650 07 - SUBJECT ADDED ENTRY--TOPICAL TERM
Topical term or geographic name entry element Curiosities, records and wonders
Source of heading or term SNKPHeng
655 #7 - INDEX TERM--GENRE/FORM
Genre/form data or focus term populárno-náučné publikácie
Source of term SNKPH
655 #7 - INDEX TERM--GENRE/FORM
Genre/form data or focus term Popular works
Source of term SNKPHeng
655 #7 - INDEX TERM--GENRE/FORM
Genre/form data or focus term publikácie pre deti
Source of term SNKPH
655 #7 - INDEX TERM--GENRE/FORM
Genre/form data or focus term Children's literature
Source of term SNKPHeng
700 1# - ADDED ENTRY--PERSONAL NAME
Personal name Wursterová, Alica,
Dates associated with a name 1949-
Relationship trl
700 1# - ADDED ENTRY--PERSONAL NAME
Personal name Saillard, Rémi,
Dates associated with a name 1960-
Relationship ill
700 1# - ADDED ENTRY--PERSONAL NAME
Personal name Harelová, Émilie
Relationship ill
700 1# - ADDED ENTRY--PERSONAL NAME
Personal name Boisteau, Manu
Relationship ill
700 1# - ADDED ENTRY--PERSONAL NAME
Personal name De Montiová, Marie
Relationship ill
700 1# - ADDED ENTRY--PERSONAL NAME
Personal name Ménielle, Adrien
Relationship ill
910 ## - USER-OPTION DATA (OCLC)
User-option data svkbb
910 ## - USER-OPTION DATA (OCLC)
User-option data pppk
910 ## - USER-OPTION DATA (OCLC)
User-option data skpk
910 ## - USER-OPTION DATA (OCLC)
User-option data sllk
910 ## - USER-OPTION DATA (OCLC)
User-option data bjkdg
910 ## - USER-OPTION DATA (OCLC)
User-option data snk
910 ## - USER-OPTION DATA (OCLC)
User-option data vthk
942 ## - ADDED ENTRY ELEMENTS (KOHA)
Source of classification or shelving scheme Dewey Decimal Classification
Koha item type Krásna literatúra pre deti
Suppress in OPAC No
949 ## - LOCAL PROCESSING INFORMATION (OCLC)
6 273K0561780
a svkpoB 90178
b svkpo563358
949 ## - LOCAL PROCESSING INFORMATION (OCLC)
6 270001000406089
a svkbbB 49115
b svkbbm 733572
949 ## - LOCAL PROCESSING INFORMATION (OCLC)
6 17A1062497
a snkSC 152989
b snk2013/3053
o 213/2013
s 6100:20160112
949 ## - LOCAL PROCESSING INFORMATION (OCLC)
6 17A1062496
a snkSC 152989 D1
b snk2013/3054
o 213/2013
Holdings
Stav vyradenia Strata Poškodenie Spôsob nadobudnutia Domovská knižnica Aktuálna knižnica Dátum nadobudnutia Total checkouts Čiarový kód exemplára Date last seen Typ exemplára
      Dar Obecná knižnica Turčianska Štiavnička Obecná knižnica Turčianska Štiavnička 09.03.2026   4738000372 09.03.2026 Krásna literatúra pre deti
Projekt je podporený Slovenskou asociáciou knižníc
Prevádzkuje Turčianska knižnica Martin 2026